000 00583nam a2200193Ii 4500
001 3052
003 CO-ViMGA
008 241108s9999||||xx |||||||||||||| ||und||
040 _aCO-ViMGA
_bspa
_erda
_cCO-ViMGA
041 0 _aunk
082 0 4 _aR 467.003 N962
245 1 0 _aNuevo diccionario de americanismo
264 1 _a[Lugar de publicación no identificado] : Instituto Caro y Cuervo, 1993
300 _avolumen
336 _atext
_btxt
_2rdacontent
337 _aunmediated
_bn
_2rdamedia
338 _avolume
_bnc
_2rdacarrier
940 _aidficha_siabuc: 2982. -- ficha_no_siabuc:3052
999 _c56508
_d56508